书目信息 |
| 题名: |
三级网络技术考试考点分析与全真训练
|
|
| 作者: | 庄东填 , 马东伟 编著 | |
| 分册: | ||
| 出版信息: | 北京 中国水利水电出版社 2007.07 |
|
| 页数: | 203页 | |
| 开本: | 26cm | |
| 丛书名: | 全国计算机等级考试考前冲刺系列 | |
| 单 册: | ||
| 中图分类: | TP393 | |
| 科图分类: | ||
| 主题词: | 计算机网络--ji suan ji wang luo--水平考试--自学参考资料 | |
| 电子资源: | ||
| ISBN: | 978-7-5084-4794-0 | |
| 000 | 01147nam 2200265 450 | |
| 001 | 012007690390 | |
| 005 | 20071105135533.68 | |
| 010 | @a978-7-5084-4794-0@dCNY19.00 | |
| 100 | @a20070924d2007 km y0chiy0120 ea | |
| 101 | 0 | @achi |
| 102 | @aCN@b110000 | |
| 105 | @ay z 000yy | |
| 106 | @ar | |
| 200 | 1 | @a三级网络技术考试考点分析与全真训练@Asan ji wang luo ji shu kao shi kao dian fen xi yu quan zhen xun lian@f庄东填, 马东伟等编著@Fzhuang dong tian,ma dong wei deng bian zhu |
| 210 | @a北京@c中国水利水电出版社@d2007.07 | |
| 215 | @a203页@d26cm | |
| 225 | 2 | @a全国计算机等级考试考前冲刺系列@Aquan guo ji suan ji deng ji kao shi kao qian chong ci xi lie |
| 330 | @a本书内容包括两个部分:第一部分为考前指导和全真试题分析,内容包括考试要点、近两年的等级考试题、实战练习和参考答案;第二部分为等级考试全真模拟习题,包括笔试和机试题两部分。 | |
| 410 | 0 | @12001 @a全国计算机等级考试考前冲刺系列 |
| 606 | 0 | @a计算机网络@Aji suan ji wang luo@x水平考试@j自学参考资料 |
| 690 | @aTP393@v4 | |
| 701 | 0 | @a庄东填@Azhuang dong tian@4编著 |
| 701 | 0 | @a马东伟@Ama dong wei@4编著 |
| 801 | 0 | @aCN@b@c20071105 |
| 905 | @b264350-52@dTP393@eZ927@f3 | |
| 三级网络技术考试考点分析与全真训练/庄东填, 马东伟等编著.-北京:中国水利水电出版社,2007.07 |
| 203页;26cm.-(全国计算机等级考试考前冲刺系列) |
| ISBN 978-7-5084-4794-0:CNY19.00 |
| 本书内容包括两个部分:第一部分为考前指导和全真试题分析,内容包括考试要点、近两年的等级考试题、实战练习和参考答案;第二部分为等级考试全真模拟习题,包括笔试和机试题两部分。 |
| ● |
| 相关链接 |
|
|
|
正题名:三级网络技术考试考点分析与全真训练
索取号:TP393/Z927
 
预约/预借
| 序号 | 登录号 | 条形码 | 馆藏地/架位号 | 状态 | 备注 |
| 1 | 264350 | 202643504 | 期刊室512/301自科库 102排1列3层/ [索取号:TP393/Z927] | 在馆 | |
| 2 | 264351 | 202643513 | 期刊室512/301自科库 102排1列3层/ [索取号:TP393/Z927] | 在馆 | |
| 3 | 264352 | 202643522 | 期刊室512/301自科库 102排1列3层/ [索取号:TP393/Z927] | 在馆 |